01651cam a2200397 i 450000100090000000300040000900500170001300600190003000700150004900800410006401000170010502000180012202000340014003500130017404000360018704300120022305000260023524501120026124600600037324600410043326400560047426400170053030000750054733600330062233700330065533800430068850000560073150400670078758800680085465000330092265000380095565000360099365000360102970000260106577601620109123984667OSt20260429163551.0m |o d | cr |||||||||||240826s2007 caua ob s001 0 eng  a 2024733241 a9780520250222 z0520250222qpbk. : alk. paper a23984667 aDLCbengcFoundation University ae-fr---00aND 547.5.I4bC75 200700aCritical readings in Impressionism and post-Impressionism :ban anthology /cedited by Mary Tompkins Lewis.14aCritical readings in Impressionism & post-Impressionism30aImpressionism and post-Impressionism 1aBerkeley :bUniversity of California Press,c[2007] 4c©200742007 a1 online resource (x, 347 pages) :billustrations.3booksc12cmfbooks atextbtxt2rdacontent3books acomputerbc2rdamedia3books aonline resourcebcr2rdacarrier3books a"Ahmanson Murphy fine arts imprint"--Prelim. pages. aIncludes bibliographical references (pages 323-330) and index. aDescription based on print version record; resource not viewed. 0aImpressionism (Art)zFrance. 0aPost-impressionism (Art)zFrance. 0aPainting, Frenchy19th century. 0aPainting, Frenchy20th century.1 aLewis, Mary Tompkins.08iPrint Version:tCritical readings in Impressionism and post-ImpressionismdBerkeley : University of California Press, [2007]z9780520240100w(DLC) 2006034879